Malcom Forbes

Guardado en:
書目詳細資料
主要作者: Jones, Arthur
格式: 圖書
語言:Undetermined
出版: New York, Estados Unidos Harper and Row 1977
主題:
標簽: 添加標簽
沒有標簽, 成為第一個標記此記錄!

MARC

LEADER 00000nam a2200000Ia 4500
008 170316s9999 xx 000 0 und d
090 |a 810 J-11m 
100 |a Jones, Arthur 
245 |a Malcom Forbes 
260 |a New York, Estados Unidos 
260 |b Harper and Row 
260 |c 1977 
300 |a 211 páginas 
650 |a LITERATURA ESTADOUNIDENSE 
999 |c 21186  |d 21186 
040 |a cru BVZT 
942 |c 15 D  |h 810 J-11m  |2 z